<?xml version="1.0" encoding="UTF-8"?><marc:collection xmlns:marc="http://www.loc.gov/MARC21/slim">
  <marc:record>
    <marc:leader>00000nam##2200000za#4500</marc:leader>
    <marc:controlfield tag="001">9.623736</marc:controlfield>
    <marc:controlfield tag="003">CaOODSP</marc:controlfield>
    <marc:controlfield tag="005">20200327175043</marc:controlfield>
    <marc:controlfield tag="007">ta</marc:controlfield>
    <marc:controlfield tag="008">150406|1995||||xxc|||||     f|0| 0 fre|d</marc:controlfield>
    <marc:datafield tag="020" ind1=" " ind2=" ">
      <marc:subfield code="a">0-662-80855-X</marc:subfield>
    </marc:datafield>
    <marc:datafield tag="040" ind1=" " ind2=" ">
      <marc:subfield code="a">CaOODSP</marc:subfield>
      <marc:subfield code="b">fre</marc:subfield>
    </marc:datafield>
    <marc:datafield tag="043" ind1=" " ind2=" ">
      <marc:subfield code="a">n-cn---</marc:subfield>
    </marc:datafield>
    <marc:datafield tag="086" ind1="1" ind2=" ">
      <marc:subfield code="a">LU2-153/203-1995F</marc:subfield>
    </marc:datafield>
    <marc:datafield tag="110" ind1="1" ind2=" ">
      <marc:subfield code="a">Canada.</marc:subfield>
      <marc:subfield code="b">Développement des ressources humaines Canada. </marc:subfield>
      <marc:subfield code="b">Assurance-chômage.</marc:subfield>
    </marc:datafield>
    <marc:datafield tag="245" ind1="1" ind2="0">
      <marc:subfield code="a">L'admissibilité à l'assurance-chômage : </marc:subfield>
      <marc:subfield code="b">analyse empirique au Canada / </marc:subfield>
      <marc:subfield code="c">par David A. Green et W. Craig Riddell. </marc:subfield>
    </marc:datafield>
    <marc:datafield tag="260" ind1=" " ind2=" ">
      <marc:subfield code="a">Ottawa - Ontario : </marc:subfield>
      <marc:subfield code="b">Développement des ressources humaines Canada. </marc:subfield>
      <marc:subfield code="c">1995.</marc:subfield>
    </marc:datafield>
    <marc:datafield tag="300" ind1=" " ind2=" ">
      <marc:subfield code="a">63p. : </marc:subfield>
      <marc:subfield code="b">graphiques, tableaux ; </marc:subfield>
      <marc:subfield code="c">30 cm.</marc:subfield>
    </marc:datafield>
    <marc:datafield tag="490" ind1="1" ind2=" ">
      <marc:subfield code="a">Série d'évaluations de l'assurance-chômage</marc:subfield>
    </marc:datafield>
    <marc:datafield tag="500" ind1=" " ind2=" ">
      <marc:subfield code="a">«Dans le présent document, nous tirons parti d'une situation accidentelle unique dans le régime canadien d'assurance-chômage, situation qui a entraîné un relèvement exogène de la norme d'admissibilité (nombre de semaines de travail qu'une personne doit accumuler pour avoir droit aux prestations), lequel a ajouté jusqu'à quatre semaines à la norme antérieure dans certaines régions. Nous cernons les effets de ce relèvement, soit 1990, à celui de l'année précédente dans des régions où les autres paramètres du régime n'ont pas changé.»--Résumé.</marc:subfield>
    </marc:datafield>
    <marc:datafield tag="504" ind1=" " ind2=" ">
      <marc:subfield code="a">Bibliographie.</marc:subfield>
    </marc:datafield>
    <marc:datafield tag="520" ind1="3" ind2=" ">
      <marc:subfield code="a">Dans le présent document, nous tirons parti d'une situation accidentelle unique dans le régime canadien d'assurance-chômage, situation qui a entraîné un relèvement exogène de la norme d'admissibilité (nombre de semaines de travail qu'une personne doit accumuler pour avoir droit aux prestations), lequel a ajouté jusqu'à quatre semaines à la norme antérieure dans certaines régions. Nous cernons les effets de ce relèvement, soit 1990, à celui de l'année précédente dans des régions où les autres paramètres du régime n'ont pas changé.--Résumé</marc:subfield>
    </marc:datafield>
    <marc:datafield tag="563" ind1=" " ind2=" ">
      <marc:subfield code="a">Couverture souple</marc:subfield>
    </marc:datafield>
    <marc:datafield tag="590" ind1=" " ind2=" ">
      <marc:subfield code="a">96-06</marc:subfield>
      <marc:subfield code="b">1996-02-09</marc:subfield>
    </marc:datafield>
    <marc:datafield tag="691" ind1="0" ind2="7">
      <marc:subfield code="a">Assurance-emploi</marc:subfield>
      <marc:subfield code="2">gcpds</marc:subfield>
    </marc:datafield>
    <marc:datafield tag="720" ind1="1" ind2=" ">
      <marc:subfield code="a">Green, David A.</marc:subfield>
    </marc:datafield>
    <marc:datafield tag="720" ind1="1" ind2=" ">
      <marc:subfield code="a">Riddell, W. Craig</marc:subfield>
    </marc:datafield>
    <marc:datafield tag="776" ind1="0" ind2="#">
      <marc:subfield code="t">L'admissibilité à l'assurance-chômage : </marc:subfield>
      <marc:subfield code="w">(CaOODSP)9.606556</marc:subfield>
    </marc:datafield>
    <marc:datafield tag="830" ind1="#" ind2="0">
      <marc:subfield code="a">Série d'évaluations de l'assurance-chômage.</marc:subfield>
      <marc:subfield code="w">(CaOODSP)9.513113</marc:subfield>
    </marc:datafield>
    <marc:datafield tag="986" ind1=" " ind2=" ">
      <marc:subfield code="a">IN-AH-203F-05-95</marc:subfield>
    </marc:datafield>
  </marc:record>
</marc:collection>
